Las 100 Mejores Series de todos los tiempos - Estadísticas

Estadísticas generales
  • Esta prueba ha sido intentada 257 veces
  • La puntuación promedio es 9 de 100
Estadísticas de respuestas
Hint Respuesta % Correcto
1 Breaking Bad
79%
3 Friends
62%
2 Game of Thrones
61%
6 Stranger Things
42%
9 Lost
38%
7 Los Soprano
37%
98 Ted Lasso
32%
28 Dr. House
31%
8 Peaky Blinders
27%
44 The Office
27%
30 La Teoria del Big Bang
23%
65 Mad Men
22%
48 Modern Family
21%
20 Grey's Anatomy
19%
66 Orange is the new black
19%
37 Gossip Girl
14%
50 The Crown
13%
5 House of Cards
11%
14 Succesion
11%
88 The Good Doctor
11%
24 Black Mirror
10%
87 Angeles en America
9%
13 Seinfeld
9%
23 The Boys
8%
27 Alf
7%
94 Bonanza
7%
76 Bridgerton
7%
19 El Mandalorian
7%
59 Glee
7%
55 Hanna Montana
7%
91 La Ley y el Orden
7%
82 Mentes Criminales
7%
56 Smallville
7%
47 American Horror Story
6%
61 Arrow
6%
32 Como conoci a tu madre
6%
73 Drake y Josh
6%
42 El Principe del rap
6%
40 Euphoria
6%
58 Gambito de Dama
6%
38 True Detective
6%
70 Batman
5%
81 Dallas
5%
11 ER
5%
72 Frasier
5%
52 Las Chicas de Oro
5%
45 Love Victor
5%
12 Malcolm el de enmedio
5%
97 Once Upon a Time
5%
22 Sex and the City
5%
4 Veep
5%
18 Atlanta
4%
10 Brothers
4%
100 Combate
4%
74 Dra. Quinn
4%
77 El Ala Oeste de la Casa Blanca
4%
89 El Gran Chaparral
4%
54 El Metodo Kominsky
4%
63 La Familia Monster
4%
16 Los Angeles de Charlie
4%
80 Los Locos Addams
4%
90 Mash
4%
64 Sabrina, la bruja adolescente
4%
96 Supernatural
4%
21 Transparent
4%
17 Unidad de Victimas Especiales
4%
33 Wandavision
4%
79 Yellowstone
4%
29 Yo Quiero a Lucy
4%
31 Young Sheldon
4%
35 Beverly Hills 90210
3%
57 Big Little Lies
3%
67 El Show de Dick Van Dyke
3%
36 El Super Agente 86
3%
25 Grace and Frankie
3%
26 Guardianes de la Bahia
3%
95 Hacks
3%
39 Hechizada
3%
51 Lizzie McGuire
3%
71 Los Años Maravillosos
3%
15 Mi Bella Genio
3%
75 Queer ass Folk
3%
41 Schitt's Creek
3%
60 Solo Asesinos en el Edificio
3%
83 Star Trek
3%
92 This is us
3%
69 30 Rock
2%
46 Dos Hombre y Medio
2%
34 El Agente de CIPOL
2%
85 El Fugitivo
2%
53 Esposas Desesperadas
2%
49 La Niñera
2%
78 Los Expedientes Secretos X
2%
84 Dowton Abbey
1%
43 Emily en Paris
1%
99 La Maravillosa Señora Maisel
1%
93 Los Intocables
1%
62 Mision Imposible
1%
68 Pose
1%
86 Sillicon Valley
1%
No se encontraron pruebas coincidentes
Distribución de puntuación
Porcentaje de gente con cada puntuación
Porcentaje por número respondido
Historial de tus puntuaciones
No has intentado esta prueba.